000 00653cam a2200193 4500
001 WB3601-26
008 000000n1999 000 0 eng u
035 _a(Sirsi) u103311
245 _aHome internet
260 _c1999
490 _aIndependent
_v20 December 1999, 17(1)
520 _aEighty percent of households will have internet access within 10 years according to a report by economic consultant, Business Strategies called "Consumer Market Outlook".
590 _aWB
650 _aINTERNET
650 0 _aINTERNET ACCESS
650 _aBUSINESS STRATEGIES
690 _aMANAGEMENT-BUSINESS MANAGEMENT-INFORMATION MANAGEMENT
942 _n0
999 _c62090
_d62090